[Event "LLO18/19"]
[Site "Mecklenburg-Vorpommern"]
[Date "2018.11.11"]
[Round "2.3"]
[White "Richter, Frank"]
[Black "Fechner, Henrik"]
[Result "1/2-1/2"]
[WhiteElo "1754"]
[BlackElo "1767"]
[PlyCount "51"]
[EventDate "2018.??.??"]
[EventType "team-tourn"]
[EventRounds "9"]
[EventCountry "GER"]
[WhiteTeam "Waterkant Saal"]
[BlackTeam "Seehotel Binz"]
[WhiteTeamCountry "GER"]
[BlackTeamCountry "GER"]

1. d4 Nf6 2. g3 d5 3. Bg2 Bf5 4. c4 e6 5. cxd5 exd5 6. Qb3 Bc8 7. Nc3 c6 8. Nf3
Bd6 9. O-O O-O 10. Bg5 h6 11. Bxf6 Qxf6 12. e4 dxe4 13. Nxe4 Qd8 14. Nxd6 Qxd6
15. Rad1 Qc7 16. Qc3 Qb6 17. Rfe1 Be6 18. b3 Nd7 19. Nd2 Nf6 20. Nc4 Qb5 21.
Re5 Nd5 22. Qe1 Qb4 23. Qxb4 Nxb4 24. Rd2 Rad8 25. f4 g6 26. Kf2 1/2-1/2

[Event "LLO18/19"]
[Site "Mecklenburg-Vorpommern"]
[Date "2018.11.11"]
[Round "2.4"]
[White "Horch, Helmut"]
[Black "Nickel, Reimo"]
[Result "0-1"]
[WhiteElo "1760"]
[BlackElo "1710"]
[PlyCount "74"]
[EventDate "2018.??.??"]
[EventType "team-tourn"]
[EventRounds "9"]
[EventCountry "GER"]
[WhiteTeam "Seehotel Binz"]
[BlackTeam "Waterkant Saal"]
[WhiteTeamCountry "GER"]
[BlackTeamCountry "GER"]

1. d4 d5 2. e3 Nf6 3. Bd3 Bg4 4. Nf3 Nbd7 5. Nbd2 e5 6. dxe5 Nxe5 7. Be2 Nxf3+
8. Nxf3 Be7 9. O-O O-O 10. b3 Ne4 11. Bb2 Bf6 12. Bxf6 Nxf6 13. Nd4 Bxe2 14.
Qxe2 Ne4 15. Qb5 Rb8 16. Qa5 a6 17. f3 Nf6 18. Rac1 Qe7 19. Rfe1 Rfe8 20. c4 c6
21. c5 Qe5 22. Qd2 Rbd8 23. Qd3 g6 24. b4 Qg5 25. a4 Nd7 26. f4 Qe7 27. Qc2 Qe4
28. Qxe4 Rxe4 29. b5 axb5 30. axb5 Rc8 31. Kf2 cxb5 32. Nxb5 Rxc5 33. Rxc5 Nxc5
34. Rd1 Rb4 35. Nc7 Ne4+ 36. Kf3 Rb2 37. Nxd5 f5 0-1

[Event "LLO18/19"]
[Site "Mecklenburg-Vorpommern"]
[Date "2018.11.11"]
[Round "2.5"]
[White "Ehmann, Roland"]
[Black "Oergel, Ullrich"]
[Result "1-0"]
[WhiteElo "1632"]
[BlackElo "1738"]
[PlyCount "87"]
[EventDate "2018.??.??"]
[EventType "team-tourn"]
[EventRounds "9"]
[EventCountry "GER"]
[WhiteTeam "Waterkant Saal"]
[BlackTeam "Seehotel Binz"]
[WhiteTeamCountry "GER"]
[BlackTeamCountry "GER"]

1. d4 d5 2. Nf3 Nf6 3. g3 g6 4. Bg2 Bg7 5. O-O O-O 6. Ne5 c6 7. Nd2 Ng4 8. Ndf3
Nxe5 9. Nxe5 f6 10. Nf3 Nd7 11. c3 e5 12. dxe5 Nxe5 13. Qb3 Qe8 14. e4 Nc4 15.
exd5 cxd5 16. Re1 Qd8 17. Nd4 Kh8 18. Qb5 Nb6 19. Bf4 Qd7 20. Qc5 Rf7 21. Ne6
g5 22. Nc7 gxf4 23. Re8+ Bf8 24. Rxf8+ Kg7 25. Rxf7+ Kxf7 26. Nxa8 Nxa8 27.
Qxd5+ Qxd5 28. Bxd5+ Kg7 29. Re1 Kf8 30. Be6 Bxe6 31. Rxe6 Kf7 32. Re4 fxg3 33.
hxg3 Nc7 34. Rd4 Ke6 35. Rh4 Nd5 36. Rxh7 Ne7 37. f4 b5 38. g4 a6 39. Kf2 Nc6
40. Ke3 a5 41. Ke4 b4 42. c4 a4 43. c5 b3 44. f5# 1-0

[Event "LLO18/19"]
[Site "Mecklenburg-Vorpommern"]
[Date "2018.11.11"]
[Round "2.6"]
[White "Rosenbusch, Robert Mario"]
[Black "Nickel, Udo"]
[Result "1-0"]
[WhiteElo "1670"]
[BlackElo "1604"]
[PlyCount "84"]
[EventDate "2018.??.??"]
[EventType "team-tourn"]
[EventRounds "9"]
[EventCountry "GER"]
[WhiteTeam "Seehotel Binz"]
[BlackTeam "Waterkant Saal"]
[WhiteTeamCountry "GER"]
[BlackTeamCountry "GER"]

1. d4 Nf6 2. Nc3 d5 3. Bf4 Bf5 4. f3 e6 5. g4 Bg6 6. h4 h5 7. g5 Nfd7 8. e3 Bb4
9. Bd3 Bxc3+ 10. bxc3 Bxd3 11. Qxd3 O-O 12. Ne2 Nc6 13. c4 dxc4 14. Qxc4 Nb6
15. Qd3 Qe7 16. O-O Rad8 17. Bg3 g6 18. c4 Rd7 19. Rab1 Rb8 20. Qc2 Kh7 21. Nf4
e5 22. Nxh5 exd4 23. Nf6+ Kg7 24. e4 Rdd8 25. Nd5 Nxd5 26. exd5 Nb4 27. Qd2 a5
28. Rfe1 Qc5 29. Be5+ Kg8 30. a3 Na6 31. Qf4 Qf8 32. Qf6 Kh7 33. Bxd4 Rd6 34.
Qe7 Qxe7 35. Rxe7 Kg8 36. Rxb7 Rbd8 37. Ra7 Rc8 38. Be5 Rb6 39. Bxc7 Rb1+ 40.
Kg2 Nxc7 41. Rexc7 Rxc7 42. Rxc7 Rb3 1-0

[Event "LLO18/19"]
[Site "Mecklenburg-Vorpommern"]
[Date "2018.11.11"]
[Round "2.7"]
[White "Hiltner, Harald"]
[Black "Breitenfeldt, Ulrich"]
[Result "1-0"]
[WhiteElo "1495"]
[BlackElo "1422"]
[PlyCount "59"]
[EventDate "2018.??.??"]
[EventType "team-tourn"]
[EventRounds "9"]
[EventCountry "GER"]
[WhiteTeam "Waterkant Saal"]
[BlackTeam "Seehotel Binz"]
[WhiteTeamCountry "GER"]
[BlackTeamCountry "GER"]

1. e4 c5 2. Nc3 d6 3. Bb5+ Bd7 4. Bxd7+ Nxd7 5. Nf3 Ngf6 6. O-O a6 7. d3 h6 8.
b3 e6 9. Re1 Be7 10. e5 Nh7 11. exd6 Bf6 12. Bb2 O-O 13. Qe2 Qa5 14. Nd1 Rad8
15. Bxf6 Ndxf6 16. Nb2 b5 17. a4 Qb6 18. axb5 axb5 19. Ra3 Ra8 20. Rea1 Rxa3
21. Rxa3 Qxd6 22. Ra5 Qb6 23. Qe1 Rb8 24. Ne5 Nf8 25. Ra1 Qb7 26. Qe3 Nd5 27.
Qf3 Nh7 28. h4 Ra8 29. Rxa8+ Qxa8 30. Qxf7+ 1-0

[Event "LLO18/19"]
[Site "Mecklenburg-Vorpommern"]
[Date "2018.11.25"]
[Round "3.2"]
[White "Wiese, Frank"]
[Black "Kilp, Gunnar"]
[Result "1-0"]
[WhiteElo "1899"]
[BlackElo "1677"]
[PlyCount "57"]
[EventDate "2018.??.??"]
[EventType "team-tourn"]
[EventRounds "9"]
[EventCountry "GER"]
[WhiteTeam "Waterkant Saal"]
[BlackTeam "SAV Torgelow II"]
[WhiteTeamCountry "GER"]
[BlackTeamCountry "GER"]

1. d4 d5 2. c4 dxc4 3. e3 g6 4. Bxc4 Bg7 5. Nf3 Nf6 6. Nc3 O-O 7. O-O Bg4 8. h3
Bxf3 9. Qxf3 c6 10. Rd1 e6 11. e4 Nbd7 12. Bg5 Qa5 13. e5 Nd5 14. Ne4 f5 15.
Nd6 Rfb8 16. Bb3 Bf8 17. Nc4 Qc7 18. Rac1 Rc8 19. Ne3 Qb6 20. Rc2 h6 21. Nc4
Qa6 22. Bd2 b5 23. Nd6 Bxd6 24. exd6 Kg7 25. Rdc1 N7f6 26. Qg3 Qb7 27. Qe5 Qd7
28. Bxd5 cxd5 29. Rc7 1-0

[Event "LLO18/19"]
[Site "Mecklenburg-Vorpommern"]
[Date "2018.11.25"]
[Round "3.3"]
[White "Kilp, Andreas"]
[Black "Onasch, Gunnar"]
[Result "0-1"]
[WhiteElo "1683"]
[BlackElo "1802"]
[PlyCount "32"]
[EventDate "2018.??.??"]
[EventType "team-tourn"]
[EventRounds "9"]
[EventCountry "GER"]
[WhiteTeam "SAV Torgelow II"]
[BlackTeam "Waterkant Saal"]
[WhiteTeamCountry "GER"]
[BlackTeamCountry "GER"]

1. e4 c5 2. Nf3 Nc6 3. d4 cxd4 4. Nxd4 e6 5. Be3 a6 6. c3 Nf6 7. Bd3 Be7 8. Qc2
Ne5 9. Be2 b5 10. Nd2 Bb7 11. O-O Rc8 12. Rac1 d5 13. f4 Neg4 14. Bxg4 Nxg4 15.
Qd3 dxe4 16. Nxe4 Qd5 0-1

[Event "LLO18/19"]
[Site "Mecklenburg-Vorpommern"]
[Date "2018.11.25"]
[Round "3.4"]
[White "Richter, Frank"]
[Black "Schmidt, Paul1"]
[Result "0-1"]
[WhiteElo "1754"]
[BlackElo "1704"]
[PlyCount "60"]
[EventDate "2018.??.??"]
[EventType "team-tourn"]
[EventRounds "9"]
[EventCountry "GER"]
[WhiteTeam "Waterkant Saal"]
[BlackTeam "SAV Torgelow II"]
[WhiteTeamCountry "GER"]
[BlackTeamCountry "GER"]

1. d4 Nf6 2. g3 g6 3. Bg2 Bg7 4. e4 d6 5. Ne2 O-O 6. O-O Nbd7 7. c4 e5 8. Nbc3
c6 9. Rb1 exd4 10. Nxd4 Ne5 11. b3 Qe7 12. f4 Bg4 13. Qc2 Ned7 14. Nde2 Rfe8
15. Re1 Nc5 16. h3 Bd7 17. Ba3 Nfxe4 18. Nxe4 Nxe4 19. Rbd1 Bf5 20. g4 Nc3 21.
gxf5 Nxe2+ 22. Kh2 Qe3 23. Rxe2 Qxe2 24. Rd2 Qe3 25. Bxd6 Bh6 26. Rf2 Rad8 27.
c5 Rxd6 28. cxd6 Bxf4+ 29. Kh1 Qg3 30. Bf1 Re1 0-1

[Event "LLO18/19"]
[Site "Mecklenburg-Vorpommern"]
[Date "2018.11.25"]
[Round "3.5"]
[White "Schmekel, Felix"]
[Black "Nickel, Reimo"]
[Result "1/2-1/2"]
[WhiteElo "1649"]
[BlackElo "1710"]
[PlyCount "150"]
[EventDate "2018.??.??"]
[EventType "team-tourn"]
[EventRounds "9"]
[EventCountry "GER"]
[WhiteTeam "SAV Torgelow II"]
[BlackTeam "Waterkant Saal"]
[WhiteTeamCountry "GER"]
[BlackTeamCountry "GER"]

1. d4 d5 2. c4 c6 3. cxd5 cxd5 4. Nc3 Bg4 5. Qb3 Nc6 6. e3 Qd7 7. Qxd5 Qxd5 8.
Nxd5 O-O-O 9. Nc3 Nb4 10. Be2 Bxe2 11. Kxe2 e5 12. dxe5 Nd3 13. Nf3 Nb4 14. a3
Nc6 15. Rd1 Re8 16. Nb5 h6 17. b4 a6 18. Nd6+ Bxd6 19. exd6 Kd7 20. Bb2 Nf6 21.
Bxf6 gxf6 22. Rd5 Re6 23. Rad1 Rg8 24. g3 Rg4 25. h3 Rc4 26. Kd3 b5 27. Nd2
Ne5+ 28. Ke2 Rc2 29. Kf1 Rxd6 30. Rxd6+ Kxd6 31. Ne4+ Ke7 32. Rd6 Rc4 33. Rd4
Rc1+ 34. Kg2 Ra1 35. f4 Nc4 36. Rd3 Nxa3 37. Nc5 Nc2 38. Rb3 f5 39. Kf2 Ra2 40.
Kf1 Kd6 41. Rd3+ Kc6 42. Nxa6 Nxe3+ 43. Rxe3 Rxa6 44. Rd3 Ra4 45. Rd4 Ra3 46.
Kf2 Rc3 47. Rd2 Rc4 48. Rb2 Kd5 49. Ke3 Rc3+ 50. Kf2 Kc4 51. Kg2 Rb3 52. Re2
Rd3 53. Re7 Kxb4 54. Rxf7 Rd5 55. g4 fxg4 56. hxg4 Kc3 57. Rh7 Rd6 58. Rc7+ Kb3
59. Rc5 b4 60. Kf3 Kb2 61. f5 b3 62. Ke4 Kb1 63. Rb5 b2 64. Ke5 Rd3 65. f6 Kc2
66. Rxb2+ Kxb2 67. f7 Rf3 68. Ke6 Kc3 69. Ke7 Re3+ 70. Kf6 Kd4 71. f8=Q Rf3+
72. Kg7 Rxf8 73. Kxf8 Ke5 74. Kg7 Kf4 75. Kxh6 Kxg4 1/2-1/2

[Event "LLO18/19"]
[Site "Mecklenburg-Vorpommern"]
[Date "2018.11.25"]
[Round "3.6"]
[White "Ehmann, Roland"]
[Black "Bollnow, Alex"]
[Result "0-1"]
[WhiteElo "1632"]
[BlackElo "1640"]
[PlyCount "96"]
[EventDate "2018.??.??"]
[EventType "team-tourn"]
[EventRounds "9"]
[EventCountry "GER"]
[WhiteTeam "Waterkant Saal"]
[BlackTeam "SAV Torgelow II"]
[WhiteTeamCountry "GER"]
[BlackTeamCountry "GER"]

1. d4 Nf6 2. Nf3 g6 3. g3 Bg7 4. Bg2 d6 5. O-O O-O 6. c3 Nbd7 7. Qb3 c5 8. Nbd2
Rb8 9. e4 b5 10. e5 c4 11. Qa3 Ne8 12. Re1 a6 13. exd6 Nxd6 14. Ne5 Nxe5 15.
dxe5 Ne8 16. Nf3 e6 17. Bg5 f6 18. Rad1 Qb6 19. Be3 Qc7 20. Bc5 Rf7 21. Bd6
Nxd6 22. Qxd6 Qxd6 23. Rxd6 Bb7 24. Rxe6 Bxf3 25. Bxf3 fxe5 26. Bd5 Kf8 27.
Rxa6 Rd7 28. Be4 Rd2 29. Rb1 b4 30. Ra8 Rxa8 31. Bxa8 bxc3 32. bxc3 Rc2 33. a4
Rxc3 34. Bd5 Ke7 35. Rb4 Rc1+ 36. Kg2 c3 37. Rb7+ Kd6 38. Be4 Bf6 39. Rb6+ Ke7
40. Rc6 Bg5 41. a5 Bd2 42. a6 Ra1 43. Kf3 Ra2 44. Kg4 Kd7 45. h4 Ra4 46. Rb6
Rxe4+ 47. Kf3 Ra4 48. Rb7+ Kc6 0-1

[Event "LLO18/19"]
[Site "Mecklenburg-Vorpommern"]
[Date "2018.11.25"]
[Round "3.7"]
[White "Schmekel, Matthias"]
[Black "Nickel, Udo"]
[Result "1-0"]
[WhiteElo "1588"]
[BlackElo "1604"]
[PlyCount "103"]
[EventDate "2018.??.??"]
[EventType "team-tourn"]
[EventRounds "9"]
[EventCountry "GER"]
[WhiteTeam "SAV Torgelow II"]
[BlackTeam "Waterkant Saal"]
[WhiteTeamCountry "GER"]
[BlackTeamCountry "GER"]

1. e4 e6 2. d3 d5 3. Nd2 Nf6 4. g3 dxe4 5. dxe4 e5 6. Bg2 Bd6 7. Nh3 O-O 8. O-O
Nc6 9. Kh1 h6 10. c3 b5 11. b4 a5 12. bxa5 Nxa5 13. Qe2 Bd7 14. Bb2 Qc8 15. Ng1
Rb8 16. Rad1 Be6 17. Ra1 Nc4 18. Bc1 Nxd2 19. Qxd2 Ra8 20. f4 Ra4 21. Qc2 Bc4
22. Rf3 Qa8 23. fxe5 Bxe5 24. Rxf6 Bxf6 25. e5 Rxa2 26. Rxa2 Qxa2 27. Qxa2 Bxa2
28. exf6 Rd8 29. fxg7 Kxg7 30. Bc6 Bc4 31. Bf4 Rd3 32. Bxc7 f6 33. Ba5 Rd6 34.
Be4 Re6 35. Bg2 Re3 36. Bf3 Bf1 37. Bg2 Bc4 38. Nf3 Bd5 39. Ng1 Bc4 40. Bb4 h5
41. Bf3 Kg6 42. Kg2 Re1 43. Nh3 h4 44. gxh4 Rc1 45. Kg3 Kg7 46. Nf2 Re1 47. Kf4
Re8 48. Ne4 Rh8 49. h5 Bf1 50. Bd6 Kf7 51. Nxf6 Ke6 52. Be5 1-0

[Event "LLO18/19"]
[Site "Mecklenburg-Vorpommern"]
[Date "2018.11.25"]
[Round "3.8"]
[White "Hiltner, Harald"]
[Black "Wolfgramm, Theo"]
[Result "0-1"]
[WhiteElo "1495"]
[BlackElo "1648"]
[PlyCount "62"]
[EventDate "2018.??.??"]
[EventType "team-tourn"]
[EventRounds "9"]
[EventCountry "GER"]
[WhiteTeam "Waterkant Saal"]
[BlackTeam "SAV Torgelow II"]
[WhiteTeamCountry "GER"]
[BlackTeamCountry "GER"]

1. e4 e6 2. d4 d5 3. exd5 exd5 4. Nf3 Bd6 5. Bg5 f6 6. Bh4 Ne7 7. Bg3 Nbc6 8.
c3 Bxg3 9. hxg3 a6 10. Bd3 Bf5 11. Nh4 Qd7 12. Nxf5 Nxf5 13. Qe2+ Nce7 14. g4
Nh6 15. f3 O-O-O 16. Nd2 Rde8 17. O-O-O Ng6 18. Qf1 Nf4 19. Bc2 Ne2+ 20. Kb1
Ng3 21. Qf2 Nxh1 22. Rxh1 Kb8 23. Kc1 Re7 24. Re1 Rxe1+ 25. Qxe1 Re8 26. Qf2 g6
27. Nf1 f5 28. gxf5 Nxf5 29. Kd1 h6 30. Ng3 Nxg3 31. Qxg3 Qb5 0-1

[Event "LLO18/19"]
[Site "Mecklenburg-Vorpommern"]
[Date "2018.11.25"]
[Round "3.1"]
[White "Ertel, Wolfhard"]
[Black "Rickmann, Niklas"]
[Result "1-0"]
[WhiteElo "1820"]
[BlackElo "1688"]
[PlyCount "63"]
[EventDate "2018.??.??"]
[EventType "team-tourn"]
[EventRounds "9"]
[EventCountry "GER"]
[WhiteTeam "Seehotel Binz"]
[BlackTeam "FHSG Stralsund II"]
[WhiteTeamCountry "GER"]
[BlackTeamCountry "GER"]

1. e4 e6 2. d3 d5 3. Nd2 Nf6 4. g3 c5 5. Bg2 Nc6 6. Ngf3 Be7 7. O-O O-O 8. Re1
dxe4 9. dxe4 Qc7 10. c3 b5 11. a3 a5 12. Qc2 e5 13. Nf1 Bg4 14. Bg5 Ne8 15.
Bxe7 Qxe7 16. Ne3 Bxf3 17. Bxf3 Qf6 18. Be2 Nc7 19. Rad1 Rfd8 20. a4 b4 21. Bc4
Rxd1 22. Rxd1 Rd8 23. Kg2 Rxd1 24. Qxd1 Qd8 25. Qg4 Ne7 26. Qh5 Ng6 27. Qf5 Qe7
28. Qc8+ Nf8 29. Nf5 Qd7 30. Qb8 bxc3 31. bxc3 Ne8 32. Bb5 1-0

[Event "LLO18/19"]
[Site "Mecklenburg-Vorpommern"]
[Date "2018.11.25"]
[Round "3.2"]
[White "Sparr, Andreas"]
[Black "Alder, Bodo"]
[Result "0-1"]
[WhiteElo "1604"]
[BlackElo "1793"]
[PlyCount "92"]
[EventDate "2018.??.??"]
[EventType "team-tourn"]
[EventRounds "9"]
[EventCountry "GER"]
[WhiteTeam "FHSG Stralsund II"]
[BlackTeam "Seehotel Binz"]
[WhiteTeamCountry "GER"]
[BlackTeamCountry "GER"]

{[%evp 0,84,40,33,55,50,78,83,68,71,60,51,79,45,36,28,43,-5,24,-12,-16,-19,-23,
-23,-7,-30,-16,-30,-35,-39,-39,-39,-61,-75,-42,-83,-75,-129,-112,-157,-166,
-161,-128,-231,-199,-196,-196,-188,-179,-197,-156,-210,-210,-210,-186,-246,
-193,-204,-222,-200,-200,-252,-286,-312,-337,-417,-416,-417,-385,-435,-443,
-443,-278,-491,-196,-196,-203,-203,-185,-161,-151,-174,-162,-216,-178,-178,
-178]} 1. e4 c5 2. Nf3 a6 3. Nc3 d6 4. h3 Nf6 5. a3 e6 6. d3 Be7 7. Be2 Nc6 8.
Bd2 b5 9. Qc1 Bb7 10. O-O O-O 11. Re1 Rc8 12. Bg5 Qc7 13. Bf4 e5 14. Bg5 Nd4
15. Bd1 Rfe8 16. Nh2 Qd8 17. Ne2 Ne6 18. Be3 d5 19. f3 d4 20. Bf2 Nh5 21. g3
Bg5 22. Qb1 c4 23. Kg2 Bd2 24. Rf1 Qg5 25. h4 Qg6 26. Ng4 f5 27. Nh2 Nef4+ 28.
Nxf4 Nxf4+ 29. Kh1 Nh3 30. Kg2 Nxf2 31. Kxf2 Rf8 32. Kg2 Bf4 33. g4 Qh6 34. h5
Qg5 35. Rh1 fxe4 36. dxe4 Be3 37. Nf1 Bf4 38. Be2 Kh8 39. Qe1 Rfd8 40. Rd1 Rc7
41. Ng3 Rcd7 42. Qf1 Rf8 43. Qe1 Rdf7 44. Nf5 Rxf5 45. exf5 Qxg4+ 46. Kf1 Bxf3
0-1

[Event "LLO18/19"]
[Site "Mecklenburg-Vorpommern"]
[Date "2018.11.25"]
[Round "3.3"]
[White "Fechner, Henrik"]
[Black "Vietinghoff, Klaus"]
[Result "0-1"]
[WhiteElo "1767"]
[BlackElo "1694"]
[PlyCount "58"]
[EventDate "2018.??.??"]
[EventType "team-tourn"]
[EventRounds "9"]
[EventCountry "GER"]
[WhiteTeam "Seehotel Binz"]
[BlackTeam "FHSG Stralsund II"]
[WhiteTeamCountry "GER"]
[BlackTeamCountry "GER"]

1. b3 e5 2. Bb2 Nc6 3. e3 d6 4. g3 Nf6 5. Bg2 Be7 6. Ne2 O-O 7. O-O Bf5 8. f4
Qd7 9. fxe5 dxe5 10. Na3 Bh3 11. Nc4 Bxg2 12. Kxg2 Qd5+ 13. Kg1 Rad8 14. Nc3
Qe6 15. Qe2 a6 16. a4 Rd7 17. Kh1 b5 18. axb5 axb5 19. Na5 b4 20. Nb5 Nxa5 21.
Rxa5 Qd5+ 22. Qg2 c6 23. Qxd5 Rxd5 24. Ra7 Bc5 25. Nc7 Rxd2 26. Ra8 Bxe3 27.
Rxf8+ Kxf8 28. Bxe5 Ng4 29. Bf4 Rxh2# 0-1

[Event "LLO18/19"]
[Site "Mecklenburg-Vorpommern"]
[Date "2018.11.25"]
[Round "3.4"]
[White "Manke, Karsten"]
[Black "Horch, Helmut"]
[Result "1/2-1/2"]
[WhiteElo "1719"]
[BlackElo "1760"]
[PlyCount "21"]
[EventDate "2018.??.??"]
[EventType "team-tourn"]
[EventRounds "9"]
[EventCountry "GER"]
[WhiteTeam "FHSG Stralsund II"]
[BlackTeam "Seehotel Binz"]
[WhiteTeamCountry "GER"]
[BlackTeamCountry "GER"]

1. e4 e6 2. d4 d5 3. Nc3 dxe4 4. Nxe4 Nd7 5. Nf3 Ngf6 6. Nxf6+ Nxf6 7. Bg5 Be7
8. Bd3 O-O 9. O-O b6 10. Qe2 Bb7 11. Rad1 1/2-1/2

[Event "LLO18/19"]
[Site "Mecklenburg-Vorpommern"]
[Date "2018.11.25"]
[Round "3.5"]
[White "Oergel, Ullrich"]
[Black "Jabbusch, Burkhard"]
[Result "1-0"]
[WhiteElo "1738"]
[BlackElo "1631"]
[PlyCount "87"]
[EventDate "2018.??.??"]
[EventType "team-tourn"]
[EventRounds "9"]
[EventCountry "GER"]
[WhiteTeam "Seehotel Binz"]
[BlackTeam "FHSG Stralsund II"]
[WhiteTeamCountry "GER"]
[BlackTeamCountry "GER"]

{[%evp 0,78,40,-20,-20,-12,-15,-33,-7,8,2,-2,17,-4,14,-33,-22,-22,-33,-38,-3,
-41,-10,-29,7,-27,-32,-32,-33,-26,-22,-20,13,22,29,33,122,16,71,22,74,64,55,68,
66,57,108,58,84,65,32,21,31,20,18,27,32,7,20,-5,0,-6,1,-18,-6,-15,-6,-43,-40,
-92,50,30,138,-389,-67,-408,77,-519,29993,29994,29995]} 1. c4 Nf6 2. Nc3 e5 3.
g3 d6 4. Bg2 Be7 5. Nf3 O-O 6. O-O Nc6 7. e3 Bg4 8. d3 Qd7 9. a3 Bh3 10. e4 Bg4
11. Be3 Nd4 12. Bxd4 exd4 13. Nd5 Nxd5 14. cxd5 f5 15. Qb3 Bxf3 16. Bxf3 fxe4
17. Bxe4 g5 18. Qd1 Rf7 19. Bf3 Kh8 20. Bg4 Qb5 21. Be6 Rg7 22. Qc2 c6 23. a4
Qb6 24. dxc6 bxc6 25. b3 Rf8 26. Rac1 c5 27. Rce1 Bf6 28. Qc4 Be5 29. Kg2 h5
30. f3 a5 31. Bd5 Qd8 32. Qc2 Qd7 33. Qd2 Qd8 34. Re2 h4 35. Re4 Rg6 36. Qe2
Kg7 37. Rg4 Rh8 38. f4 hxg3 39. hxg3 Bf6 40. fxg5 Rxg5 41. Rxg5+ Bxg5 42. Rf7+
Kg6 43. Qe4+ Kh6 44. Qe6+ 1-0

[Event "LLO18/19"]
[Site "Mecklenburg-Vorpommern"]
[Date "2018.11.25"]
[Round "3.6"]
[White "Jenschke, Tim"]
[Black "Rosenbusch, Robert Mario"]
[Result "0-1"]
[WhiteElo "1529"]
[BlackElo "1670"]
[PlyCount "74"]
[EventDate "2018.??.??"]
[EventType "team-tourn"]
[EventRounds "9"]
[EventCountry "GER"]
[WhiteTeam "FHSG Stralsund II"]
[BlackTeam "Seehotel Binz"]
[WhiteTeamCountry "GER"]
[BlackTeamCountry "GER"]

1. Nf3 c5 2. c4 Nc6 3. Nc3 g6 4. e3 Bg7 5. d4 cxd4 6. exd4 d6 7. Be3 Bf5 8. a3
a6 9. Be2 Nf6 10. O-O O-O 11. d5 Ne5 12. Nxe5 dxe5 13. f3 Qc7 14. Na4 b5 15.
cxb5 Bc2 16. Qd2 Bxa4 17. bxa6 Qd7 18. Qd3 Rfb8 19. b4 Bb5 20. Qd2 Bxa6 21.
Bxa6 Rxa6 22. Rfd1 Rd6 23. Qc2 Rxd5 24. Rxd5 Nxd5 25. Qd2 Qb7 26. Rd1 Nxe3 27.
Qxe3 Qb6 28. Qxb6 Rxb6 29. Rd8+ Bf8 30. Ra8 Kg7 31. Kf2 e6 32. Ra4 Rc6 33. Ra7
Rc2+ 34. Kg3 Ra2 35. b5 Rxa3 36. b6 Rb3 37. b7 e4 0-1

[Event "LLO18/19"]
[Site "Mecklenburg-Vorpommern"]
[Date "2018.11.25"]
[Round "3.7"]
[White "Breitenfeldt, Ulrich"]
[Black "Vlach, Michael"]
[Result "1-0"]
[WhiteElo "1422"]
[BlackElo "1595"]
[PlyCount "69"]
[EventDate "2018.??.??"]
[EventType "team-tourn"]
[EventRounds "9"]
[EventCountry "GER"]
[WhiteTeam "Seehotel Binz"]
[BlackTeam "FHSG Stralsund II"]
[WhiteTeamCountry "GER"]
[BlackTeamCountry "GER"]

1. e4 e6 2. Nf3 d5 3. exd5 exd5 4. d4 c6 5. Be2 Bd6 6. O-O Qc7 7. h3 Ne7 8. b3
Be6 9. Re1 O-O 10. Ba3 b5 11. Bxd6 Qxd6 12. Bd3 Nd7 13. c3 Bf5 14. Qc2 Bxd3 15.
Qxd3 Ng6 16. Nbd2 Nb6 17. Re3 a6 18. Rae1 Rac8 19. Ne5 Qa3 20. Qb1 c5 21. Ndf3
b4 22. dxc5 Rxc5 23. cxb4 d4 24. bxc5 dxe3 25. Rxe3 Qxc5 26. Qb2 Nf4 27. Nd3
Qc7 28. Nxf4 Qxf4 29. g3 Qh6 30. Qd4 Rc8 31. Kh2 Qc6 32. Rd3 g6 33. Ne5 Qf6 34.
Rf3 Rd8 35. Rxf6 1-0

[Event "LLO18/19"]
[Site "Mecklenburg-Vorpommern"]
[Date "2018.11.25"]
[Round "3.8"]
[White "Klinger, Clemens"]
[Black "Schleef, Roberto"]
[Result "1-0"]
[WhiteElo "1583"]
[BlackElo "1559"]
[PlyCount "79"]
[EventDate "2018.??.??"]
[EventType "team-tourn"]
[EventRounds "9"]
[EventCountry "GER"]
[WhiteTeam "FHSG Stralsund II"]
[BlackTeam "Seehotel Binz"]
[WhiteTeamCountry "GER"]
[BlackTeamCountry "GER"]

1. e4 c5 2. Nf3 d6 3. Nc3 Nc6 4. d4 cxd4 5. Nxd4 Nf6 6. Be2 g6 7. Be3 Bg7 8.
O-O O-O 9. h3 Bd7 10. Qd2 Ne8 11. f4 f5 12. exf5 gxf5 13. Nf3 h6 14. Bb5 Qa5
15. Bc4+ e6 16. Bb3 d5 17. Nd4 Nf6 18. Qf2 Kh7 19. Rad1 Rg8 20. Nf3 Qc7 21. Nb5
Ne4 22. Nxc7 Nxf2 23. Rxf2 Rac8 24. Nb5 a6 25. Nbd4 Bf6 26. Nxc6 bxc6 27. c3
Be8 28. Bd4 Be7 29. Re1 Bf7 30. Rd2 Bh5 31. Bd1 Bd6 32. Rxe6 Bxf4 33. Rd3 Rg3
34. Re7+ Kg8 35. Bf2 Rg7 36. Rxg7+ Kxg7 37. Rd4 Bd6 38. Ra4 Rg8 39. Rxa6 Be8
40. Ra7+ 1-0

[Event "LLO18/19"]
[Site "Mecklenburg-Vorpommern"]
[Date "2018.11.25"]
[Round "3.1"]
[White "Schulz, Daniel"]
[Black "Leisner, Ekkehardt"]
[Result "1/2-1/2"]
[WhiteElo "1910"]
[BlackElo "1787"]
[PlyCount "63"]
[EventDate "2018.??.??"]
[EventType "team-tourn"]
[EventRounds "9"]
[EventCountry "GER"]
[WhiteTeam "SG Neubrandenburg"]
[BlackTeam "SG Neubrandenburg II"]
[WhiteTeamCountry "GER"]
[BlackTeamCountry "GER"]

1. e4 c5 2. c3 d5 3. exd5 Qxd5 4. d4 e6 5. Nf3 Nf6 6. Be2 Nc6 7. O-O Be7 8. Be3
cxd4 9. Nxd4 Nxd4 10. Qxd4 O-O 11. Bf3 Qb5 12. c4 Qa5 13. a3 Rd8 14. Qc3 Qc7
15. Nd2 Bd7 16. Rac1 Bc6 17. b4 a6 18. Bxc6 Qxc6 19. f3 Rd7 20. Qc2 Rad8 21.
Nb1 Rd3 22. Rfe1 Qd7 23. Nc3 Rc8 24. Rcd1 Rxd1 25. Rxd1 Qc6 26. c5 b6 27. cxb6
Nd5 28. Bd4 Nxb6 29. Qf2 Nc4 30. Ra1 e5 31. Ba7 Kf8 32. Ne2 1/2-1/2

[Event "LLO18/19"]
[Site "Mecklenburg-Vorpommern"]
[Date "2018.11.25"]
[Round "3.2"]
[White "Dupke, Andreas"]
[Black "Stoevesand, Eric"]
[Result "0-1"]
[WhiteElo "1748"]
[BlackElo "1975"]
[PlyCount "90"]
[EventDate "2018.??.??"]
[EventType "team-tourn"]
[EventRounds "9"]
[EventCountry "GER"]
[WhiteTeam "SG Neubrandenburg II"]
[BlackTeam "SG Neubrandenburg"]
[WhiteTeamCountry "GER"]
[BlackTeamCountry "GER"]

1. e4 e5 2. Nf3 Nc6 3. Bb5 a6 4. Ba4 Nf6 5. O-O b5 6. Bb3 Be7 7. c3 O-O 8. h3
d5 9. exd5 Nxd5 10. Re1 Bf6 11. d3 Bf5 12. Bc2 Re8 13. Nbd2 b4 14. c4 Nf4 15.
Ne4 b3 16. axb3 Nb4 17. Bxf4 exf4 18. Nxf6+ Qxf6 19. Rxe8+ Rxe8 20. Ra5 Qxb2
21. Rxf5 Nxc2 22. Re5 Rd8 23. Re2 Qa1 24. Qxa1 Nxa1 25. Ra2 Nxb3 26. Rxa6 f6
27. Ne1 Rd6 28. Rxd6 cxd6 29. Kf1 Kf7 30. Ke2 Ke6 31. Kd1 Nd4 32. Nc2 Ke5 33.
Nb4 g5 34. Kd2 f5 35. f3 h5 36. Nc2 Nxc2 37. Kxc2 Kd4 38. Kd2 g4 39. h4 g3 40.
Kc2 Ke3 41. Kc3 Kf2 42. d4 Kxg2 43. c5 dxc5 44. dxc5 Kxf3 45. c6 g2 0-1